MARC

LEADER 00000nam0a2200000 4500
001 264189
005 20260410101700.0
010 |a 5244000446 
035 |a (RuTPU)RU\TPU\book\287180 
090 |a 264189 
100 |a 20140617d1988 km y0rusy50 ca 
101 0 |a rus 
102 |a RU 
105 |a y z 001zy 
200 1 |a Не оступись  |f Б. М. Левин, М. Б. Левин 
210 |a Москва  |c Мысль  |d 1988 
215 |a 155 с. 
320 |a Библиогр.: с. 155-156. 
606 1 |a Антиобщественное поведение  |x Этические проблемы  |2 stltpush  |3 (RuTPU)RU\TPU\subj\29223  |9 52605 
610 1 |a алкоголизм 
610 1 |a алкогольная зависимость 
610 1 |a дети 
610 1 |a родители 
610 1 |a семейные отношения 
610 1 |a нравственное воспитание 
610 1 |a девиантное поведение 
686 |a Ю777.1  |2 rubbk 
700 1 |a Левин  |b Б. М.  |g Борис Михайлович 
701 1 |a Левин  |b М. Б.  |g Михаил Борисович 
801 1 |a RU  |b 63413507  |c 20140617 
801 2 |a RU  |b 63413507  |c 20150518  |g RCR 
942 |c BK